000 00308nam a2200121 i 4500
001 bg
245 0 _aWielki słownik techniczny rosyjsko-polski /
_cpod red. M. Porwita. T.1: A-O.
260 _aWarszawa,
_c1963.
040 _cBPK
041 _apol
942 _cKS
008 s pl f |000 0 pol
999 _c29651
_d29651
856 _uhttp://koha.tu.koszalin.pl/cgi-bin/koha/opac-detail.pl?biblionumber=29651
_yKatalog online BPK